Tự ôn luyện thi đại học - cao đẳng môn hóa học T1

Spremljeno u:
Bibliografski detalji
Glavni autor: Đào, Văn Ích
Daljnji autori: Triệu, Quý Hùng
Format: Knjiga
Jezik:Undetermined
Izdano: H. Đại học Quốc gia Hà Nội 2004
Teme:
Online pristup:http://lrc.tdmu.edu.vn/opac/search/detail.asp?aID=2&ID=3497
Oznake: Dodaj oznaku
Bez oznaka, Budi prvi tko označuje ovaj zapis!
Thư viện lưu trữ: Trung tâm Học liệu Trường Đại học Thủ Dầu Một
LEADER 00831nam a2200229Ia 4500
001 TDMU_3497
008 210410s9999 xx 000 0 und d
082 |a 540 
090 |b D238 
100 |a Đào, Văn Ích 
245 0 |a Tự ôn luyện thi đại học - cao đẳng môn hóa học 
245 0 |c Đào Văn Ích, Triệu Quý Hùng 
245 0 |n T1 
245 0 |p Khái niệm và định luật cơ bản trong hóa học phổ thông 
260 |a H. 
260 |b Đại học Quốc gia Hà Nội 
260 |c 2004 
300 |a 517tr. 
650 |a Hóa học  |x Học tập và giảng dạy 
700 |a Triệu, Quý Hùng 
856 |u http://lrc.tdmu.edu.vn/opac/search/detail.asp?aID=2&ID=3497 
980 |a Trung tâm Học liệu Trường Đại học Thủ Dầu Một